000 00851nam a2200265 4500
003 OSt
005 20260530113923.0
008 260520b2018 mx |a||| |||| 00| 0 spa d
040 _aICI
_bspa
_cICI
041 _aspa
050 _aNA1
_bA78 2018
100 _eautor
245 _aArquine No. 86 :
_bFormas domésticas / domestic forms
264 _aMéxico :
_c2018
300 _a116 páginas :
_bilustraciones
336 _2rdacontent
_atexto
337 _2rdamedia
_asin medio
338 _2rdacarrier
_avolumen
500 _aNúmero dedicado a la arquitectura doméstica y nuevas formas de habitar contemporáneo
650 0 _aArquitectura doméstica
_934781
650 0 _aVivienda
_xDiseño y construcción
_934782
650 0 _aArquitectura contemporánea
_zMéxico
_934783
650 0 _aDiseño arquitectónico
_934784
942 _2lcc
_n1
_cBK
999 _c12505
_d12505